Przydomki klubów piłkarskich. - Statystyki

Ogólne statystyki
  • Ten quiz został rozwiązany 242 razy
  • Średni wynik to 6 z 10
Statystyki odpowiedzi
Hint Odpowiedź % Poprawnych
Stara dama Juventus
96%
Aptekarze Bayer
75%
Święci Southampton
74%
Żółta łódź podwodna Villarreal
71%
Kanarki Norwich
69%
Łabędzie Swansea
66%
Los colchoneros Atletico
56%
Nafciarze Wisła płock
55%
Wilki Wolves
55%
Gwiazda południa Bayern
16%
Nie znaleziono quizów pasujących do podanych kryteriów
Rozkład punktacji
Procent ludzi z każdym wynikiem
Percentyl według liczby udzielonych odpowiedzi
Twoja historia wyników
Nie rozwiązałeś tego quizu